000 00697nam a22002177a 4500
003 UA-OsUOA
001 79454
007 ta
008 20111109b un ||||| |||| 00| 0 ukr d
100 _aЩеглюк С.Д.
090 _a330
_bЩ33
942 _cSA
040 _aUA-OsUOA
_bukr
_cUA-OsUOA
_dUA-OsUOA
245 _aТрансформація екістичного простору регіону в умовах формування регіональної політики
300 _aС.35-44
955 _a0
041 _aukr
080 _a330
773 0 _w79451
_tРегіональна економіка
_dЛьвів
_d2011
_g3
650 7 _a330 Економіка взагалі
_2UDC
999 _c365783
_d365783